[Event "FB1 2324 OSG Baden-Baden - SG Solingen"]
[Site "?"]
[Date "2024.03.23"]
[Round "7.1"]
[White "Dolzhykova, Kateryna"]
[Black "Paehtz, Elisabeth"]
[Result "1/2-1/2"]
[WhiteElo "2259"]
[BlackElo "2465"]
[PlyCount "36"]
[EventDate "2024.??.??"]

1. e4 c5 2. Nf3 d6 3. d4 cxd4 4. Nxd4 Nf6 5. Nc3 a6 6. h3 Nc6 7. g4 g6 8. Bg2 Nxd4 9. Qxd4 Bg7 10. Be3 O-O 11. Qd2 Be6 12. Bd4 Rc8 13. Nd5 Bxd5 14. exd5 Rc4 15. c3 Qa5 16. O-O Ne8 17. Bxg7 Nxg7 18. Rfe1 Re8 1/2-1/2

[Event "FB1 2324 OSG Baden-Baden - SG Solingen"]
[Site "?"]
[Date "2024.03.23"]
[Round "7.2"]
[White "Wagner, Dinara"]
[Black "Van Foreest, Machteld"]
[Result "1-0"]
[WhiteElo "2455"]
[BlackElo "2321"]
[PlyCount "137"]
[EventDate "2024.??.??"]

1. d4 d5 2. c4 e6 3. Nf3 Nf6 4. g3 dxc4 5. Bg2 Bb4+ 6. Bd2 a5 7. a3 Bxd2+ 8. Qxd2 c6 9. a4 b5 10. axb5 cxb5 11. Qg5 O-O 12. Qxb5 Ba6 13. Qxa5 Bb7 14. Qxd8 Rxa1 15. Qxf8+ Kxf8 16. O-O Ra2 17. Ne5 Ba6 18. Nc3 Rxb2 19. Rc1 Nfd7 20. f4 Nxe5 21. fxe5 f6 22. exf6 gxf6 23. Kf2 Ke7 24. Ra1 Rc2 25. Ra3 f5 26. d5 e5 27. Bh3 Kf6 28. g4 Bc8 29. gxf5 Bxf5 30. Bxf5 Kxf5 31. Nd1 Ke4 32. Ne3 Rd2 33. Ra7 h6 34. Rh7 Na6 35. Nxc4 Rxd5 36. Rxh6 Kd4 37. Nd2 Nc5 38. Nf3+ Ke4 39. h3 Ne6 40. Rh4+ Nf4 41. e3 Rd3 42. Ng5+ Kf5 43. exf4 exf4 44. Nf3 Ke4 45. Ng1 Rd2+ 46. Ke1 Ra2 47. Kf1 Ra1+ 48. Kg2 Ra2+ 49. Kh1 Ra1 50. Rh8 f3 51. Re8+ Kd4 52. Rf8 Ke4 53. h4 Ke5 54. Rxf3 Ra8 55. Rh3 Kf4 56. h5 Ra7 57. Kg2 Kg4 58. h6 Ra2+ 59. Kf1 Ra8 60. Rh1 Re8 61. Kg2 Ra8 62. Kf2 Kf4 63. Rh4+ Kf5 64. Nf3 Rg8 65. Rh5+ Kf6 66. Ke3 Re8+ 67. Kf4 Kg6 68. Rh2 Kf6 69. Ra2 1-0

[Event "FB1 2324 OSG Baden-Baden - SG Solingen"]
[Site "?"]
[Date "2024.03.23"]
[Round "7.3"]
[White "Muetsch, Annmarie"]
[Black "Divya Deshmukh"]
[Result "0-1"]
[WhiteElo "2291"]
[BlackElo "2424"]
[PlyCount "128"]
[EventDate "2024.??.??"]

1. d4 Nf6 2. c4 e6 3. g3 d5 4. Bg2 dxc4 5. Nf3 Bb4+ 6. Bd2 a5 7. Qc2 Bxd2+ 8. Nbxd2 b5 9. a4 c6 10. O-O O-O 11. e4 Na6 12. e5 Nb4 13. Qb1 Nfd5 14. Ne4 h6 15. Nc5 Ba6 16. Rc1 Ra7 17. Qe4 Qb6 18. Bf1 Rb8 19. h4 Bc8 20. b3 cxb3 21. Nxb3 Bd7 22. Nc5 Qd8 23. Ra3 Nb6 24. Ne1 Nxa4 25. Nxa4 bxa4 26. Nd3 c5 27. Rxc5 Bb5 28. Ra1 Na6 29. Rxb5 Rxb5 30. Rxa4 Rb1 31. Rc4 Qa8 32. Qe2 Nb4 33. Nf4 a4 34. Qg4 Qf8 35. Nh5 Ra8 36. Nf6+ Kh8 37. Qe4 gxf6 38. Qxb1 a3 39. Bg2 a2 40. Qa1 Rc8 41. Rxb4 Qxb4 42. Qxa2 Qxd4 43. exf6 Qxf6 44. Qd2 Rd8 45. Qe3 Kg7 46. Kh2 Qd4 47. Qe2 Rb8 48. Qf3 Rb2 49. Kg1 Rb1+ 50. Kh2 Rd1 51. Qe4 Qxe4 52. Bxe4 f5 53. Bc6 e5 54. Kg2 Kf6 55. Kf3 e4+ 56. Ke2 Rc1 57. Bd7 Rc7 58. Ba4 Ke5 59. Be8 Rc2+ 60. Ke3 Rc3+ 61. Ke2 f4 62. gxf4+ Kxf4 63. Bg6 Rh3 64. h5 Rh2 0-1

[Event "FB1 2324 OSG Baden-Baden - SG Solingen"]
[Site "?"]
[Date "2024.03.23"]
[Round "7.4"]
[White "Stefanova, Antoaneta"]
[Black "Agrest, Inna"]
[Result "1-0"]
[WhiteElo "2433"]
[BlackElo "2284"]
[PlyCount "75"]
[EventDate "2024.??.??"]

1. d4 Nf6 2. Nf3 g6 3. Nc3 d5 4. Bf4 Bg7 5. e3 O-O 6. Be2 c5 7. Nb5 Na6 8. c3 Bd7 9. a4 Ne4 10. Ne5 Be8 11. h4 f6 12. Nf3 Bf7 13. O-O Re8 14. Bh2 e5 15. Nd2 Nxd2 16. Qxd2 Qe7 17. dxe5 fxe5 18. e4 d4 19. f4 Rad8 20. fxe5 Bxe5 21. Bxe5 Qxe5 22. Qh6 Bb3 23. Rf3 Rf8 24. cxd4 Qxe4 25. Re3 Qd5 26. Bf3 Qf7 27. Rae1 Qf4 28. Qxf4 Rxf4 29. Rxb3 cxd4 30. Nxa7 Nc5 31. Rb5 Nxa4 32. h5 d3 33. hxg6 hxg6 34. Rd1 Rfd4 35. Rxb7 Nc5 36. Rb5 Rc4 37. Nc6 Rd6 38. Bd5+ 1-0

[Event "FB1 2324 OSG Baden-Baden - SG Solingen"]
[Site "?"]
[Date "2024.03.23"]
[Round "7.5"]
[White "Zozulia, Anna"]
[Black "Kachiani-Gersinska, Ketino"]
[Result "1-0"]
[WhiteElo "2221"]
[BlackElo "2309"]
[PlyCount "69"]
[EventDate "2024.??.??"]

1. e4 c6 2. d4 d5 3. exd5 cxd5 4. Bd3 Nc6 5. c3 Nf6 6. h3 g6 7. Bf4 Bf5 8. Nf3 Qb6 9. Bxf5 gxf5 10. Qb3 Qa6 11. Na3 e6 12. Nb5 O-O-O 13. Ne5 Nh5 14. Bh2 Nxe5 15. dxe5 Rg8 16. O-O Bc5 17. Rad1 f4 18. Kh1 Rg5 19. c4 d4 20. Qd3 Qc6 21. f3 a5 22. Rfe1 Rf5 23. Re4 Ng3+ 24. Bxg3 fxg3 25. b3 f6 26. exf6 Rxf6 27. a3 Rh6 28. b4 axb4 29. axb4 e5 30. bxc5 Qxc5 31. f4 exf4 32. Rxf4 Re8 33. Rxd4 Qe7 34. Qxg3 Rg6 35. Na7# 1-0

[Event "FB1 2324 OSG Baden-Baden - SG Solingen"]
[Site "?"]
[Date "2024.03.23"]
[Round "7.6"]
[White "Heinemann, Josefine"]
[Black "Muedder, Melanie"]
[Result "1-0"]
[WhiteElo "2303"]
[BlackElo "1935"]
[PlyCount "49"]
[EventDate "2024.??.??"]

1. e4 c5 2. Nf3 Nc6 3. Bb5 e5 4. Nc3 Bd6 5. a4 Nge7 6. Bc4 O-O 7. d3 Nd4 8. O-O b6 9. Nxd4 cxd4 10. Ne2 Bc5 11. f4 d5 12. exd5 Nxd5 13. fxe5 Bb7 14. Nf4 Ne3 15. Bxe3 dxe3 16. Qe2 Qh4 17. c3 Kh8 18. d4 Be7 19. Bd5 Bxd5 20. Nxd5 Bg5 21. Nxe3 Qe4 22. Rae1 Qc6 23. Nf5 Qxa4 24. Qg4 h6 25. h4 1-0

[Event "FB1 2324 SK Doppelbauer Turm Kiel - Rod"]
[Site "?"]
[Date "2024.03.23"]
[Round "7.1"]
[White "Rath, Alina"]
[Black "Sieber, Fiona"]
[Result "1/2-1/2"]
[WhiteElo "2029"]
[BlackElo "2221"]
[PlyCount "82"]
[EventDate "2024.??.??"]

1. c4 e5 2. Nc3 Bb4 3. Nd5 Be7 4. e3 Nf6 5. Nxe7 Qxe7 6. d4 exd4 7. Qxd4 Nc6 8. Qd1 O-O 9. Nf3 d5 10. cxd5 Rd8 11. Bd2 Nxd5 12. Be2 a5 13. O-O a4 14. Qc2 Ndb4 15. Bxb4 Nxb4 16. Qc3 Nd5 17. Qe5 Qxe5 18. Nxe5 a3 19. bxa3 Be6 20. Bc4 f6 21. Nf3 Bf7 22. Rab1 b6 23. Rb3 Ne7 24. Bxf7+ Kxf7 25. Rc1 Rd7 26. g3 Nf5 27. Rc6 Nd6 28. Rd3 Ke7 29. Rb3 Ne4 30. Nd4 Nc5 31. Rc3 Kd8 32. Kg2 Kc8 33. Ne6 Nxe6 34. Rxe6 Kb7 35. Rec6 Ra5 36. e4 Ra4 37. Kf3 Rad4 38. Ke3 Rd1 39. h4 Re1+ 40. Kf3 Red1 41. Ke3 Re1+ 1/2-1/2

[Event "FB1 2324 SK Doppelbauer Turm Kiel - Rod"]
[Site "?"]
[Date "2024.03.23"]
[Round "7.2"]
[White "Sliwicka, Alicia"]
[Black "Bräutigam, Katerina"]
[Result "1-0"]
[WhiteElo "2309"]
[BlackElo "1986"]
[PlyCount "59"]
[EventDate "2024.??.??"]

1. e4 c6 2. d4 d5 3. e5 Bf5 4. h4 h5 5. Bd3 Bxd3 6. Qxd3 e6 7. Nf3 Nh6 8. Bg5 Be7 9. Nc3 Nf5 10. Bxe7 Qxe7 11. Ne2 Qb4+ 12. c3 Qxb2 13. Rb1 Qxa2 14. Rxb7 Qa1+ 15. Rb1 Qa5 16. Ng3 g6 17. Nxf5 gxf5 18. O-O Nd7 19. Rb7 c5 20. Ng5 c4 21. Qd2 Rf8 22. Rfb1 Qa6 23. Nh7 Nb6 24. Qh6 Qxb7 25. Qxf8+ Kd7 26. Nf6+ Kc7 27. Qxf7+ Kb8 28. Qxe6 Qc8 29. Nd7+ Kc7 30. Qd6+ 1-0

[Event "FB1 2324 SK Doppelbauer Turm Kiel - Rod"]
[Site "?"]
[Date "2024.03.23"]
[Round "7.3"]
[White "Stärk, Elisa"]
[Black "Hagarova, Zuzana"]
[Result "0-1"]
[WhiteElo "1965"]
[BlackElo "2300"]
[PlyCount "76"]
[EventDate "2024.??.??"]

1. d4 Nf6 2. Nf3 g6 3. c4 c5 4. d5 e6 5. Nc3 exd5 6. cxd5 d6 7. e4 Bg7 8. Be2 O-O 9. O-O Re8 10. Qc2 Bg4 11. Bf4 a6 12. a4 Qc7 13. a5 Nbd7 14. h3 Bxf3 15. Bxf3 Ne5 16. Be2 Rac8 17. Rfe1 Nfd7 18. Bg3 Nf8 19. f4 Ned7 20. Bg4 h5 21. Bf3 Bd4+ 22. Bf2 Qd8 23. Qd2 Bg7 24. g4 hxg4 25. hxg4 g5 26. e5 gxf4 27. e6 Ne5 28. exf7+ Nxf7 29. Qxf4 Be5 30. Qf5 Ng5 31. Bg2 Rc7 32. Be3 Nfh7 33. Ne4 Nxe4 34. Bxe4 Rf7 35. Qg6+ Rg7 36. Qf5 Qh4 37. Bf3 Qg3+ 38. Kf1 Rf8 0-1

[Event "FB1 2324 SK Doppelbauer Turm Kiel - Rod"]
[Site "?"]
[Date "2024.03.23"]
[Round "7.4"]
[White "Movsesian, Julia"]
[Black "Gressmann, Hanna"]
[Result "1-0"]
[WhiteElo "2274"]
[BlackElo "1992"]
[PlyCount "35"]
[EventDate "2024.??.??"]

1. e4 e5 2. Nf3 Nc6 3. d4 exd4 4. Nxd4 Bc5 5. Be3 Qf6 6. c3 Nge7 7. Bb5 O-O 8. O-O d6 9. Re1 Ne5 10. Be2 Qg6 11. Bh5 Qf6 12. Nd2 h6 13. f4 N5g6 14. e5 Qh4 15. Bf2 Qxf4 16. Re4 Qg5 17. h4 Nxh4 18. Bxh4 1-0

[Event "FB1 2324 SK Doppelbauer Turm Kiel - Rod"]
[Site "?"]
[Date "2024.03.23"]
[Round "7.5"]
[White "Franzenburg, Maria"]
[Black "Schöne, Maria"]
[Result "0-1"]
[WhiteElo "1908"]
[BlackElo "2153"]
[PlyCount "62"]
[EventDate "2024.??.??"]

1. f4 g6 2. g3 Bg7 3. Bg2 c5 4. Nf3 d6 5. O-O e6 6. c4 Nc6 7. Nc3 Nge7 8. Rb1 O-O 9. a3 d5 10. b3 Rb8 11. Qc2 b6 12. Bb2 Bb7 13. e3 d4 14. exd4 cxd4 15. Ne4 d3 16. Qc1 Nd4 17. Nxd4 Bxd4+ 18. Kh1 Nf5 19. Nf2 Qd7 20. Nxd3 Rfd8 21. Nf2 Bxg2+ 22. Kxg2 Qc6+ 23. Kh3 h5 24. Qc2 Bxb2 25. Rxb2 Rd4 26. Nd3 Rbd8 27. Ne5 Qb7 28. Nf3 Re4 29. Re1 Rxf4 30. Ne5 Rfd4 31. Qc3 g5 0-1

[Event "FB1 2324 SK Doppelbauer Turm Kiel - Rod"]
[Site "?"]
[Date "2024.03.23"]
[Round "7.6"]
[White "Koronova, Martina"]
[Black "Hielscher, Ursula"]
[Result "0-1"]
[WhiteElo "2163"]
[BlackElo "1819"]
[PlyCount "72"]
[EventDate "2024.??.??"]

1. e4 d5 2. exd5 Nf6 3. d4 Nxd5 4. c4 Nb6 5. Nf3 Bg4 6. Be2 e6 7. Nc3 Be7 8. O-O O-O 9. Be3 N8d7 10. c5 Nd5 11. Nxd5 exd5 12. Qb3 Nf6 13. Qxb7 Rb8 14. Qa6 Rxb2 15. Bc1 Bc8 16. Qd3 Bf5 17. Qxf5 Rxe2 18. Qd3 Re6 19. Ng5 Rc6 20. Qb5 Qd7 21. Nf3 Re6 22. Qb3 Ne4 23. Ne5 Qd8 24. c6 Nc5 25. Qc2 f6 26. Nf3 Ne4 27. Bf4 Bd6 28. Bxd6 Nxd6 29. Qc5 Nc4 30. Rab1 Qd6 31. Qxa7 Qxc6 32. Rb7 Rc8 33. Rfb1 Nb6 34. Rb8 Rxb8 35. Qxb8+ Re8 36. Qa7 Ra8 0-1

[Event "FB1 2324 Rodewischer Schachmiezen - Tu "]
[Site "?"]
[Date "2024.03.24"]
[Round "8.1"]
[White "Sieber, Fiona"]
[Black "Lach, Alexandra"]
[Result "1/2-1/2"]
[WhiteElo "2163"]
[BlackElo "1819"]
[PlyCount "253"]
[EventDate "2024.??.??"]

1. e4 c5 2. Nf3 a6 3. c3 d5 4. exd5 Qxd5 5. d4 e6 6. Be3 cxd4 7. cxd4 Nf6 8. Nc3 Qd6 9. Bd3 Be7 10. O-O Nc6 11. Qe2 Nb4 12. Bb1 Nbd5 13. Ne5 b5 14. a4 b4 15. Ne4 Nxe4 16. Bxe4 O-O 17. a5 Bb7 18. Rfc1 Rad8 19. Bf3 Bf6 20. Nd3 Nxe3 21. fxe3 Bxf3 22. Qxf3 Bg5 23. Rc5 f6 24. Nxb4 Rb8 25. Nd3 e5 26. Ra4 e4 27. Qxe4 Rfe8 28. Qd5+ Qxd5 29. Rxd5 Rxe3 30. Rb4 Rbe8 31. Rb3 Re2 32. Rd7 Rd2 33. h3 h5 34. Kf1 Rd1+ 35. Kf2 Rd2+ 36. Kf1 Rd1+ 37. Kf2 Be3+ 38. Kg3 Bg5 39. Nf2 Rd2 40. h4 Bh6 41. Kf3 Rxb2 42. Rdb7 Ree2 43. Ne4 Rxb3+ 44. Rxb3 Ra2 45. Nc5 f5 46. Nxa6 Rxa5 47. Nc5 Kf7 48. Rb7+ Kf6 49. Rb6+ Ke7 50. Re6+ Kf7 51. Rb6 Ra3+ 52. Ke2 Rg3 53. Kf2 Rg4 54. Rb7+ Kf6 55. Rb6+ Ke7 56. Rb7+ Kd6 57. Rd7+ Kc6 58. g3 f4 59. gxf4 Rxf4+ 60. Kg3 Rg4+ 61. Kh3 Bf4 62. Rd8 Bd6 63. Rc8+ Kb6 64. Rh8 g6 65. Nd7+ Kb5 66. Ne5 Rxd4 67. Nxg6 Rd3+ 68. Kg2 Rg3+ 69. Kf2 Rxg6 70. Rxh5+ Kc6 71. Rg5 Rf6+ 72. Ke2 Rf4 73. h5 Rh4 74. Kd3 Kd7 75. Rg6 Rxh5 76. Ke4 Kc6 77. Rg8 Rh4+ 78. Ke3 Kd5 79. Rd8 Rh3+ 80. Ke2 Ke5 81. Re8+ Kf4 82. Kd2 Be5 83. Rf8+ Ke4 84. Re8 Rh2+ 85. Ke1 Kf4 86. Kd1 Ra2 87. Re7 Ke4 88. Ke1 Rh2 89. Re8 Kd4 90. Kf1 Bf4 91. Re2 Rh3 92. Kg2 Rg3+ 93. Kf2 Rg7 94. Re8 Be5 95. Rd8+ Ke4 96. Re8 Rf7+ 97. Ke2 Ra7 98. Re6 Ra2+ 99. Ke1 Kd4 100. Kf1 Kd5 101. Re8 Bd4 102. Re2 Ra7 103. Kg2 Rg7+ 104. Kf3 Rg1 105. Ra2 Rf1+ 106. Kg4 Ke4 107. Ra4 Rg1+ 108. Kh4 Ke5 109. Kh3 Be3 110. Rg4 Rb1 111. Kg2 Bf4 112. Rg8 Ke4 113. Re8+ Be5 114. Kf2 Rb7 115. Ke2 Rd7 116. Re6 Kd4 117. Re8 Rc7 118. Ra8 Rb7 119. Ra4+ Kc3 120. Ra3+ Kb4 121. Rf3 Ra7 122. Kd3 Bc3 123. Rf4+ Kb3 124. Re4 Rf7 125. Re6 Bb4 126. Ke4 Rd7 127. Kf5 1/2-1/2

[Event "FB1 2324 Rodewischer Schachmiezen - Tu "]
[Site "?"]
[Date "2024.03.24"]
[Round "8.2"]
[White "Brandt, Carina"]
[Black "Sliwicka, Alicia"]
[Result "0-1"]
[WhiteElo "2062"]
[BlackElo "2309"]
[PlyCount "48"]
[EventDate "2024.??.??"]

1. e4 c5 2. Nc3 Nc6 3. Bb5 g6 4. Nf3 Bg7 5. O-O e5 6. d3 Nge7 7. Bg5 h6 8. Bxc6 dxc6 9. Be3 b6 10. a4 a5 11. Nd2 Be6 12. b3 O-O 13. Nc4 f5 14. f3 f4 15. Bf2 g5 16. Kh1 h5 17. g4 hxg4 18. fxg4 Bf6 19. Nd2 Kg7 20. h3 Ng6 21. Nf3 Rh8 22. Kg2 Qd7 23. Ng1 Rxh3 24. Kxh3 Bxg4+ 0-1

[Event "FB1 2324 Rodewischer Schachmiezen - Tu "]
[Site "?"]
[Date "2024.03.24"]
[Round "8.3"]
[White "Hagarova, Zuzana"]
[Black "Wächter, Natalie"]
[Result "1-0"]
[WhiteElo "2300"]
[BlackElo "1995"]
[PlyCount "69"]
[EventDate "2024.??.??"]

1. e4 d5 2. exd5 Qxd5 3. Nc3 Qd6 4. d4 Nf6 5. Nf3 c6 6. Ne5 Nbd7 7. Bf4 Nd5 8. Nxd5 Qxd5 9. Nf3 Qe4+ 10. Be3 e5 11. Bd3 Qd5 12. O-O Bd6 13. Re1 f6 14. c4 Qf7 15. Qc2 g6 16. Rad1 c5 17. dxe5 Bxe5 18. Nxe5 fxe5 19. Be4 Rb8 20. Bg5 Qg7 21. Qd2 h6 22. Be3 Kf8 23. Qd6+ Kg8 24. Bxg6 Qf6 25. Qxf6 Nxf6 26. Bxc5 Kg7 27. Bd6 Ra8 28. Bc2 Bg4 29. f3 Bd7 30. Bxe5 Bc6 31. Rd6 Rhf8 32. Bc3 Rf7 33. Ree6 Raf8 34. b4 a6 35. a4 1-0

[Event "FB1 2324 Rodewischer Schachmiezen - Tu "]
[Site "?"]
[Date "2024.03.24"]
[Round "8.4"]
[White "Köhler, Imken"]
[Black "Movsesian, Julia"]
[Result "1/2-1/2"]
[WhiteElo "2010"]
[BlackElo "2274"]
[PlyCount "42"]
[EventDate "2024.??.??"]

1. e4 e5 2. Nf3 Nc6 3. Nc3 Nf6 4. d4 exd4 5. Nxd4 Bb4 6. Nxc6 bxc6 7. Bd3 d5 8. exd5 O-O 9. O-O Bg4 10. f3 Bh5 11. dxc6 Qd4+ 12. Kh1 Bxc3 13. bxc3 Qxc3 14. Rb1 Rfd8 15. Qe1 Qxc6 16. Bg5 Bg6 17. Be4 Bxe4 18. fxe4 Re8 19. Bxf6 gxf6 20. Qg3+ Kh8 21. Qf3 Rxe4 1/2-1/2

[Event "FB1 2324 Rodewischer Schachmiezen - Tu "]
[Site "?"]
[Date "2024.03.24"]
[Round "8.5"]
[White "Schöne, Maria"]
[Black "Rosmait, Emily"]
[Result "1/2-1/2"]
[WhiteElo "2153"]
[BlackElo "1893"]
[PlyCount "79"]
[EventDate "2024.??.??"]

1. e4 e6 2. d4 d5 3. Nc3 dxe4 4. Nxe4 Bd7 5. Nf3 Bc6 6. Bd3 Nd7 7. O-O Be7 8. b3 Ngf6 9. Nxf6+ Bxf6 10. Ba3 Be7 11. Bb2 Bxf3 12. Qxf3 c6 13. c4 Bf6 14. Rad1 Qa5 15. Bb1 O-O 16. Bc3 Qc7 17. Bb4 Rfe8 18. h4 Rad8 19. h5 a5 20. Ba3 c5 21. dxc5 Nxc5 22. h6 b6 23. hxg7 Bxg7 24. Qh5 h6 25. Bc1 Rxd1 26. Rxd1 Rd8 27. Re1 Nd3 28. Bxd3 Rxd3 29. Bxh6 Bxh6 30. Qxh6 Qd6 31. Qh5 Rd2 32. g3 Qd4 33. Qf3 Rxa2 34. Kg2 Ra1 35. Re4 Qd1 36. Qxd1 Rxd1 37. Re5 a4 38. bxa4 Ra1 39. c5 Rxa4 40. Kf3 1/2-1/2

[Event "FB1 2324 Rodewischer Schachmiezen - Tu "]
[Site "?"]
[Date "2024.03.24"]
[Round "8.6"]
[White "Stepanjan, Marianne"]
[Black "Korenova, Martina"]
[Result "0-1"]
[WhiteElo "1820"]
[BlackElo "2163"]
[PlyCount "80"]
[EventDate "2024.??.??"]

1. e4 e5 2. Nf3 Nc6 3. Bb5 a6 4. Ba4 Nf6 5. O-O Be7 6. Re1 b5 7. Bb3 d6 8. c3 O-O 9. h3 Nd7 10. d4 Bf6 11. d5 Na5 12. Bc2 c6 13. dxc6 Nb6 14. Be3 Nxc6 15. Nbd2 Be6 16. Nf1 Nc4 17. b3 Nxe3 18. Nxe3 Ne7 19. Qd3 g6 20. Rad1 Qa5 21. Qxd6 Qxc3 22. Rd3 Qa5 23. b4 Qd8 24. a3 Qxd6 25. Rxd6 Rfc8 26. Red1 Kg7 27. g4 Nc6 28. R1d2 a5 29. bxa5 Rxa5 30. R6d3 Nd4 31. Nxd4 exd4 32. Nd5 Bxd5 33. exd5 Rc3 34. f4 Raxa3 35. g5 Be7 36. Rxc3 dxc3 37. Rd3 b4 38. d6 Bd8 39. Bd1 b3 40. Bf3 b2 0-1

[Event "FB1 2324 SG 1871 Löberitz - SK Schwäbi"]
[Site "?"]
[Date "2024.03.24"]
[Round "8.1"]
[White "Javakhishvili, Lela"]
[Black "Rogule, Laura"]
[Result "1-0"]
[WhiteElo "2447"]
[BlackElo "2277"]
[PlyCount "59"]
[EventDate "2024.??.??"]

1. d4 d5 2. c4 e6 3. Nc3 Nf6 4. cxd5 exd5 5. Bg5 Be7 6. e3 c6 7. Bd3 Nbd7 8. Nf3 Nh5 9. Bxe7 Qxe7 10. O-O O-O 11. Qb1 Nhf6 12. b4 b6 13. e4 dxe4 14. Nxe4 g6 15. Re1 Nxe4 16. Bxe4 Qd6 17. b5 Bb7 18. Ne5 Nxe5 19. dxe5 Qd7 20. Qd1 Qe8 21. Qd6 Rd8 22. Qf6 Rd2 23. bxc6 Bc8 24. Rad1 Rxa2 25. c7 Ra5 26. Bc6 Qe6 27. Rd8 Rxe5 28. Rxf8+ Kxf8 29. Qh8+ Ke7 30. Qd8# 1-0

[Event "FB1 2324 SG 1871 Löberitz - SK Schwäbi"]
[Site "?"]
[Date "2024.03.24"]
[Round "8.2"]
[White "Berzina, Ilze"]
[Black "Ambartsumova, Karina"]
[Result "1-0"]
[WhiteElo "2150"]
[BlackElo "2418"]
[PlyCount "93"]
[EventDate "2024.??.??"]

1. e4 c5 2. Nf3 e6 3. g3 Nc6 4. Bg2 Nf6 5. Qe2 e5 6. O-O Be7 7. d3 h6 8. c3 O-O 9. Na3 Re8 10. Nc4 Bf8 11. Ne3 d5 12. exd5 Nxd5 13. Nxd5 Qxd5 14. Nd2 Qd8 15. Nc4 Bf5 16. Rd1 Qd7 17. Ne3 Be6 18. b3 g6 19. Ba3 Rad8 20. Qf3 f5 21. h3 Qf7 22. Qe2 Qf6 23. Re1 Bf7 24. Rad1 b5 25. Qf3 Rc8 26. Bb2 Bg7 27. Nd5 Qd6 28. Ne3 Ne7 29. h4 h5 30. Qe2 a6 31. Nf1 Rcd8 32. Nh2 Nc6 33. Nf3 Re7 34. Ng5 Be8 35. a3 Bf6 36. b4 Bd7 37. Qe3 cxb4 38. axb4 Nb8 39. c4 Qxb4 40. Qb6 Kg7 41. Qxd8 Re8 42. Qc7 Qxb2 43. cxb5 axb5 44. Rb1 Qa2 45. Rxb5 Rc8 46. Qb7 e4 47. Rd5 1-0

[Event "FB1 2324 SG Solingen - Karlsruher SF 185"]
[Site "?"]
[Date "2024.03.24"]
[Round "8.1"]
[White "Georgescu, Lena"]
[Black "Dolzhykova, Kateryna"]
[Result "1/2-1/2"]
[WhiteElo "2218"]
[BlackElo "2259"]
[PlyCount "64"]
[EventDate "2024.??.??"]

1. e4 e6 2. d4 d5 3. Nc3 Nf6 4. Bg5 dxe4 5. Nxe4 Be7 6. Bxf6 gxf6 7. Nc3 f5 8. Qd3 Nc6 9. O-O-O Nb4 10. Qe2 b6 11. Nf3 Ba6 12. Qe3 Bxf1 13. Rhxf1 Nd5 14. Nxd5 Qxd5 15. Kb1 Rg8 16. g3 Rg4 17. c3 Qe4+ 18. Qxe4 Rxe4 19. Nd2 Rg4 20. Nc4 Bf6 21. Rfe1 O-O-O 22. Kc2 h5 23. Ne5 Bxe5 24. Rxe5 c6 25. a4 h4 26. a5 Rdg8 27. axb6 axb6 28. Kd3 hxg3 29. hxg3 f4 30. gxf4 Rxf4 31. Ke3 Rh4 32. Re4 Rh2 1/2-1/2

[Event "FB1 2324 SG Solingen - Karlsruher SF 185"]
[Site "?"]
[Date "2024.03.24"]
[Round "8.2"]
[White "Van Foreest, Machteld"]
[Black "Schmidt, Jessica"]
[Result "1-0"]
[WhiteElo "2321"]
[BlackElo "2205"]
[PlyCount "97"]
[EventDate "2024.??.??"]

1. e4 e5 2. Nf3 Nc6 3. Bc4 Bc5 4. c3 Nf6 5. d3 a6 6. Bb3 d6 7. h3 h6 8. Nbd2 O-O 9. Nf1 Be6 10. Be3 Qe7 11. Ng3 Rad8 12. O-O d5 13. Bxc5 Qxc5 14. d4 exd4 15. cxd4 Qb6 16. e5 Ne4 17. Qd3 Rfe8 18. Rad1 Nb4 19. Qe3 Nxg3 20. fxg3 Nc6 21. Rf2 Ne7 22. g4 Ng6 23. Bc2 Nf8 24. Nh4 Bc8 25. Rdf1 Rd7 26. g5 Rde7 27. gxh6 Qxh6 28. Qg3 c5 29. Bf5 Be6 30. dxc5 Nh7 31. Bxe6 fxe6 32. Ng6 Rc7 33. Rf4 Rxc5 34. Qd3 Rc4 35. Rxc4 dxc4 36. Ne7+ Kh8 37. Qxc4 Rf8 38. Rd1 Ng5 39. Qg4 Kh7 40. h4 Nf7 41. Qe4+ g6 42. Rf1 Nxe5 43. Re1 Nc6 44. Qxe6 Qxh4 45. Qxg6+ Kh8 46. Re4 Qf2+ 47. Kh2 Nxe7 48. Qh5+ Kg7 49. Rxe7+ 1-0

[Event "FB1 2324 SG Solingen - Karlsruher SF 185"]
[Site "?"]
[Date "2024.03.24"]
[Round "8.3"]
[White "Doll, Rebecca"]
[Black "Muetsch, Annmarie"]
[Result "0-1"]
[WhiteElo "1955"]
[BlackElo "2291"]
[PlyCount "82"]
[EventDate "2024.??.??"]

1. e4 d6 2. d4 Nf6 3. Nc3 e5 4. Nge2 Be7 5. g3 c6 6. a4 d5 7. Bg2 Nxe4 8. dxe5 Nxc3 9. Nxc3 O-O 10. O-O f6 11. exf6 Bxf6 12. Ne2 Na6 13. c3 Nc5 14. Be3 Ne4 15. Nd4 Qe8 16. Qc2 Qh5 17. f3 Nd6 18. Rae1 Be5 19. Qd1 Bd7 20. b3 Rae8 21. Bf2 Bh3 22. f4 Bg4 23. Qc1 Bf6 24. Rxe8 Rxe8 25. Re1 Ne4 26. b4 a5 27. Be3 Re7 28. Qa1 Qe8 29. Bxe4 Rxe4 30. Bf2 Rxe1+ 31. Bxe1 axb4 32. Bf2 Qe4 33. Qe1 Qxe1+ 34. Bxe1 Bd1 35. Bd2 Bxa4 36. Kf2 c5 37. Ne2 b3 38. Bc1 Bb5 39. Bb2 Bxe2 40. Kxe2 d4 41. cxd4 Bxd4 0-1

[Event "FB1 2324 SG Solingen - Karlsruher SF 185"]
[Site "?"]
[Date "2024.03.24"]
[Round "8.4"]
[White "Agrest, Inna"]
[Black "Wiesner, Paula"]
[Result "1-0"]
[WhiteElo "2284"]
[BlackElo "1990"]
[PlyCount "93"]
[EventDate "2024.??.??"]

1. e4 e6 2. d4 d5 3. Nc3 Nf6 4. Bg5 dxe4 5. Nxe4 Be7 6. Bxf6 Bxf6 7. Nxf6+ Qxf6 8. Nf3 O-O 9. Bd3 c5 10. Qe2 Nc6 11. Qe4 g6 12. dxc5 Qxb2 13. O-O Qf6 14. Rab1 Qe7 15. Qe3 Rb8 16. Rfe1 Re8 17. Bb5 Bd7 18. Rbd1 Red8 19. Rd6 Be8 20. Red1 Nb4 21. Qe2 Nd5 22. Bxe8 Rxe8 23. c4 Nf6 24. Qe3 Rbc8 25. Ne5 Rc7 26. c6 bxc6 27. Nxc6 Qf8 28. Qf4 Kg7 29. h3 Rec8 30. Rd8 Qc5 31. Rxc8 Rxc8 32. Ne5 Qa5 33. Qd4 Qc5 34. Qb2 Rc7 35. Ng4 Qg5 36. Ne5 Rc5 37. Re1 Qf5 38. Re3 Ra5 39. Nd7 e5 40. Nxe5 h5 41. a3 Rc5 42. Qd4 Rc7 43. c5 Kh7 44. c6 Re7 45. Nd7 Nd5 46. Nf6+ Qxf6 47. Qxf6 1-0

[Event "FB1 2324 SG Solingen - Karlsruher SF 185"]
[Site "?"]
[Date "2024.03.24"]
[Round "8.5"]
[White "Scheynin, Julia"]
[Black "Zozulia, Anna"]
[Result "0-1"]
[WhiteElo "1948"]
[BlackElo "2221"]
[PlyCount "94"]
[EventDate "2024.??.??"]

1. e4 c5 2. Nc3 Nc6 3. g3 g6 4. Bg2 Bg7 5. d3 e6 6. f4 d6 7. Nf3 Nge7 8. O-O O-O 9. Bd2 Rb8 10. Rb1 b5 11. a3 a5 12. a4 b4 13. Nb5 e5 14. c4 bxc3 15. bxc3 d5 16. Nxe5 Nxe5 17. fxe5 Bxe5 18. Bh6 Bg7 19. Bxg7 Kxg7 20. Qf3 Be6 21. Qf2 Rc8 22. Rbd1 Kg8 23. Qf4 Qd7 24. e5 d4 25. c4 Nf5 26. Rf2 Ne3 27. Re1 Ng4 28. Rff1 f6 29. exf6 Rxf6 30. Qd2 Rxf1+ 31. Rxf1 Ne3 32. Rf2 Bf5 33. Bf1 Re8 34. Be2 Qd8 35. Rf4 Qb6 36. g4 Qb8 37. Rf2 Bxg4 38. Bxg4 Nxg4 39. Re2 Ne3 40. Rf2 Qe5 41. Qe2 Qg5+ 42. Kh1 Re5 43. Qf3 Rf5 44. Qe2 Rxf2 45. Qxf2 Qg4 46. h4 Qd1+ 47. Kh2 Ng4+ 0-1

[Event "FB1 2324 SG Solingen - Karlsruher SF 185"]
[Site "?"]
[Date "2024.03.24"]
[Round "8.6"]
[White "Muedder, Melanie"]
[Black "Grining, Maria"]
[Result "1/2-1/2"]
[WhiteElo "1935"]
[BlackElo "1854"]
[PlyCount "92"]
[EventDate "2024.??.??"]

1. e4 d6 2. d4 Nf6 3. Nc3 Nbd7 4. f4 e5 5. Nf3 exd4 6. Qxd4 c6 7. Be3 d5 8. e5 Ng4 9. Bg1 Qb6 10. O-O-O Bc5 11. Qd2 Bxg1 12. Rxg1 Nxh2 13. Na4 Nxf3 14. Nxb6 Nxd2 15. Nxa8 Nxf1 16. Rgxf1 Kd8 17. c4 b6 18. cxd5 cxd5 19. Rxd5 Bb7 20. Rd6 Ke7 21. Rfd1 Rc8+ 22. Kd2 Bxa8 23. Ke3 Rc7 24. g4 Bb7 25. g5 Bc8 26. f5 Rc5 27. f6+ gxf6 28. exf6+ Ke8 29. Kf4 Rc4+ 30. R1d4 Rxd4+ 31. Rxd4 Nc5 32. Rc4 Ne6+ 33. Ke5 Bd7 34. Rh4 Nxg5 35. Rh5 Ne6 36. Rxh7 Nf8 37. Rh1 Ng6+ 38. Kd6 Kd8 39. Rg1 Nf4 40. Rg7 Be8 41. Rg3 Ne6 42. Rd3 Nc5 43. Ra3 a5 44. Re3 Bd7 45. a3 Nb7+ 46. Kd5 Nc5 1/2-1/2